000 00790nam a2200265Ia 4500
003 OSt
005 20221005022125.0
006 a|||||r|||| 00| 0
007 ta
008 221004b |||||||| |||| 00| 0 ara d
020 _c695.00
024 _a3740
037 _b411, 06/11/2012, Nadwi Publications
_cTextual
040 _aCRL
_cCRL
_bara
041 _2ara
_aara
082 _aP:f, 28P8
100 _aSabir Najvi Mohmood Au.
_9577798
245 0 _aDarasaat aslubiah wa balaghiah
260 _aAlexandria
_bDar al-wafa al-duniya Egypt
_c2008
300 _a235p.
_ccm.
650 _a LINGUISTICS
650 _aARABIC LANGUAGE
_931794
942 _hP:f, 28P8
_cTEXL
_2cc
999 _c928674
_d928674